Sustainable practices in the built environment (Record no. 59250)

MARC details
000 -LEADER
fixed length control field 00897nam a2200241 a 4500
008 - FIXED-LENGTH DATA ELEMENTS--GENERAL INFORMATION
fixed length control field 120416s2001 ||||||||||||||||| || u
020 ## - INTERNATIONAL STANDARD BOOK NUMBER
International Standard Book Number 0750651539
050 ## - LIBRARY OF CONGRESS CALL NUMBER
Classification number TA 170 Sus
100 ## - MAIN ENTRY--PERSONAL NAME
Personal name Langston, Craig A
245 10 - TITLE STATEMENT
Title Sustainable practices in the built environment
246 ## - VARYING FORM OF TITLE
Title proper/short title C. A. Langston
250 ## - EDITION STATEMENT
Edition statement 2nd ed.
260 ## - PUBLICATION, DISTRIBUTION, ETC.
Place of publication, distribution, etc. Oxford:
Name of publisher, distributor, etc. BUTTERWORTH HEINEMANN
Date of publication, distribution, etc. 2001
300 ## - PHYSICAL DESCRIPTION
Extent xvi, 288 p. : ill.
350 ## - PRICE (NR) (BK AM CF MU VM SE) [OBSOLETE]
Price 0.00
500 ## - GENERAL NOTE
General note Includes bibliographical references and index.
650 ## - SUBJECT ADDED ENTRY--TOPICAL TERM
Topical term or geographic name entry element ENGINEERING
650 #0 - SUBJECT ADDED ENTRY--TOPICAL TERM
Topical term or geographic name entry element ENVIRONMENTAL ENGINEERING
700 ## - ADDED ENTRY--PERSONAL NAME
Personal name Ding, Grace K. C
856 ## - ELECTRONIC LOCATION AND ACCESS
Uniform Resource Identifier <a href="http://www.loc.gov/catdir/toc/els031/2001035007.html">http://www.loc.gov/catdir/toc/els031/2001035007.html</a>
856 ## - ELECTRONIC LOCATION AND ACCESS
Uniform Resource Identifier <a href="http://www.loc.gov/catdir/description/els031/2001035007.html">http://www.loc.gov/catdir/description/els031/2001035007.html</a>
995 ## - RECOMMENDATION 995 [LOCAL, UNIMARC FRANCE]
-- 0.00
-- CBU-MAIN LIBRARY (Kitwe)
-- 1
-- 21.95
-- 1
-- AVAILABLE
-- Main Library Open Access Collection
Holdings
Withdrawn status Lost status Source of classification or shelving scheme Damaged status Not for loan Home library Current library Shelving location Date acquired Total Checkouts Full call number Barcode Date last seen Price effective from Koha item type
          CBU-MAIN LIBRARY, KITWE. CBU-MAIN LIBRARY, KITWE.   11/30/2022   TA 170 Sus 45822 11/30/2022 11/30/2022 MONOGRAPH